000 00182nam a2200073Ia 4500
008 170817s9999 xx 000 0 und d
100 _aAAHUJA BALIRAM
245 0 _aSHIKSHA KE ADHAR BHUT SIDHANT
260 _bOMEGA PUB
999 _c37506
_d37506